00228nam a2200073Ia 4500008004100000082000800041100002100049245008400070240331s9999 xx 000 0 und d bTHI aThiruchandran, S 0aMathap panpaadin kolankalaiyum karuthiyalaiyum kaddavilkum oru paal nilai nokku